| 000 | 00326 a2200133 4500 | ||
|---|---|---|---|
| 082 | _a591 | ||
| 090 |
_c6550 _d6550 |
||
| 100 | _aAhmed,Manzoor | ||
| 245 |
_aAnimal Behaviour. _cManzoor Ahmed. |
||
| 260 |
_aKarachi. _bFederal Urdu University. _c2006. |
||
| 300 | _a231p. | ||
| 500 | _aPaper cover. | ||
| 942 |
_aNBS _cBK _k591 AHM |
||
| 999 |
_c348908 _d348908 |
||